Normal view
MARC view
- Continuum mechanics
Entry Topical Term
001 - CONTROL NUMBER
- control field: 26632
003 - CONTROL NUMBER IDENTIFIER
- control field: IN-BhIIT
005 - DATE AND TIME OF LATEST TRANSACTION
- control field: 20251103175545.0
008 - FIXED-LENGTH DATA ELEMENTS
- fixed length control field: 251103|| aca||aabn | a|a d
040 ## - CATALOGING SOURCE
- Original cataloging agency: IN-BhIIT
- Transcribing agency: IN-BhIIT
150 ## - HEADING--TOPICAL TERM
- Topical term or geographic name entry element: Continuum mechanics
670 ## - SOURCE DATA FOUND
- Source citation: Work cat.: (IN-BhIIT)14525: Khan, Akhtar S. Author 24948, Continuum theory of plasticity /, c1995.